Probability and statistics (Record no. 171905)

MARC details
000 -LEADER
fixed length control field 00362nam a2200145Ia 4500
008 - FIXED-LENGTH DATA ELEMENTS--GENERAL INFORMATION
fixed length control field 230917s9999||||xx |||||||||||||| ||und||
040 ## - CATALOGING SOURCE
-- 203344
Original cataloging agency VIVEKANANDA LIBRARY
041 ## - Language
-- English
082 ## - DDC NUMBER
Classification number 519.2 M969P
100 ## - MAIN ENTRY--PERSONAL NAME
Personal name Murthy, T S R
245 #0 - TITLE STATEMENT
Title Probability and statistics
260 ## - PUBLICATION, DISTRIBUTION, ETC. (IMPRINT)
Place of publication, distribution, etc New Delhi
Name of publisher, distributor, etc I K International
Date of publication, distribution, etc 2011
300 ## - PHYSICAL DESCRIPTION
Pages xii, 518 p.
942 ## - ADDED ENTRY ELEMENTS (KOHA)
Koha item type Books
Holdings
Withdrawn status Lost status Damaged status Not for loan Location (home branch) Sublocation or collection (holding branch) Date acquired Koha issues (times borrowed) Koha full call number Accession No. Koha date last seen Koha item type
        VIVEKANANDA LIBRARY VIVEKANANDA LIBRARY 22/10/2012   519.2 M969P 321845 17/09/2023 Books
        VIVEKANANDA LIBRARY VIVEKANANDA LIBRARY 22/10/2012 2 519.2 M969P 327507 27/03/2026 Books
        VIVEKANANDA LIBRARY VIVEKANANDA LIBRARY 22/10/2012   519.2 M969P 327508 17/09/2023 Books
        VIVEKANANDA LIBRARY VIVEKANANDA LIBRARY 22/10/2012   519.2 M969P 327509 17/09/2023 Books
        VIVEKANANDA LIBRARY VIVEKANANDA LIBRARY 22/10/2012 1 519.2 M969P 327510 15/01/2025 Books
        VIVEKANANDA LIBRARY VIVEKANANDA LIBRARY 22/10/2012 1 519.2 M969P 327511 26/11/2025 Books
© Designed and Maintained by Vivekananda Library, MDU Rohtak